000 01476nam a2200361 c 4500
003 BLK
005 20241125154337.0
008 180412b bul|||||r ||||||| ||bul||
010 _aKNG00012371000
020 _a954-625-086-4
_bиздат.: Фют
040 _aBLK
041 _aBUL
_cBUL
080 _aБългарска литература
_b821.163.2
_x-93-1
_z821.163.2-93-1
100 1 _aЦанков, Атанас Иванов
_eпърви автор
_9363727
700 _aБабукчиева, Антонина Светославова
_d1961 -
_9363803
139 _aЦанков, Атанас Иванов
_bЦ 17
245 1 0 _aМравче подигравче
_b[Приказка в стихове]
_cАтанас Иванов Цанков; худож. Антонина Светославова Бабукчиева.
257 _aBGR
260 София
_bФют
_c1996
300 _a12 с.
_bс цв. ил.
_c19 см
380 _aDX
490 1 _aПоредица Непослушковци
500 _aКор. загл. - Авт. отбелязан в библиогр. каре. - 15 000 тир.
653 _aприказки
653 _aлитература за деца
653 _aдетска литература
852 _aЦб І 28201
856 4 _qpdf
_u
856 4 _qpdf
_u
942 _cKNG
_n0
_09
944 _aCR
_c29.01.2003
_lЦветелина Желева
_k30544
944 _aED
_c20.02.2013
_lф /
_k
999 _c10859
_d10859